Colour the Easter Egg by Guessing the Country Flags - Statistics

General Stats
  • This quiz has been taken 978 times
    925 since last reset
  • The average score is 15 of 21
Answers on the Map
Answers color-coded by a green-red scale on the quiz's map according to % correct below.
 
Answer Stats
Colours of flags Answer % Correct
Blue Red White Great Britain
97%
Blue White Israel
92%
Red White Japan
92%
White Red Norway
88%
Blue White Greece
86%
Red Yellow North Macedonia
86%
Yellow Blue Black Barbados
82%
White Blue Red Panama
82%
White Red Poland | Monako | Indonesia
82%
Red White Denmark
79%
Red Green Bangladesh
77%
Blue White Red France
75%
Black Gold Green Jamaica
75%
Yellow Blue Palau
68%
Green Red Yellow Mauritania
66%
Red White Qatar
64%
Red White Bahrain
60%
Blue White Somalia
51%
Blue Black White Estonia
50%
Red Blue Orange Armenia
37%
Red Yellow Green Guinea
37%
No matching quizzes found
Score Distribution
Percent of People with Each Score
Percentile by Number Answered
Your Score History
You have not taken this quiz since the last reset